000
00285nam a22001337a 4500
008
181207b xxu||||| |||| 00| 0 eng d
020
_a
9780801898235
041
_a
eng
080
_a
531
100
_a
43
101
_a
FIZ
245
_a
Fast Car Physics
_c
Chuck.E
942
_2
udc
_c
BK
999
_c
53093
_d
53093